<?xml version="1.0" encoding="UTF-8"?><marc:collection xmlns:marc="http://www.loc.gov/MARC21/slim">
  <marc:record>
    <marc:leader>00000nam##2200000za#4500</marc:leader>
    <marc:controlfield tag="001">9.680361</marc:controlfield>
    <marc:controlfield tag="003">CaOODSP</marc:controlfield>
    <marc:controlfield tag="005">20241210082347</marc:controlfield>
    <marc:controlfield tag="007">ta</marc:controlfield>
    <marc:controlfield tag="008">150407|1998||||xxc|||||     f|0| 0 fre|d</marc:controlfield>
    <marc:datafield tag="020" ind1=" " ind2=" ">
      <marc:subfield code="a">0-660-95945-3</marc:subfield>
    </marc:datafield>
    <marc:datafield tag="040" ind1=" " ind2=" ">
      <marc:subfield code="a">CaOODSP</marc:subfield>
      <marc:subfield code="b">fre</marc:subfield>
    </marc:datafield>
    <marc:datafield tag="043" ind1=" " ind2=" ">
      <marc:subfield code="a">n-cn---</marc:subfield>
    </marc:datafield>
    <marc:datafield tag="086" ind1="1" ind2=" ">
      <marc:subfield code="a">FB2-11/1997F</marc:subfield>
    </marc:datafield>
    <marc:datafield tag="110" ind1="2" ind2=" ">
      <marc:subfield code="a">Banque du Canada.</marc:subfield>
    </marc:datafield>
    <marc:datafield tag="245" ind1="1" ind2="0">
      <marc:subfield code="a">Stabilité des prix, cibles en matière d'inflation et politique monétaire : </marc:subfield>
      <marc:subfield code="b">actes d'un colloque tenu à la Banque du Canada en mai 1997 </marc:subfield>
    </marc:datafield>
    <marc:datafield tag="260" ind1=" " ind2=" ">
      <marc:subfield code="a">Ottawa - Ontario : </marc:subfield>
      <marc:subfield code="b">Banque du Canada </marc:subfield>
      <marc:subfield code="c">1998.</marc:subfield>
    </marc:datafield>
    <marc:datafield tag="300" ind1=" " ind2=" ">
      <marc:subfield code="a">xxiv, 559p. : </marc:subfield>
      <marc:subfield code="b">graphiques, références, tableaux ; </marc:subfield>
      <marc:subfield code="c">23 cm.</marc:subfield>
    </marc:datafield>
    <marc:datafield tag="500" ind1=" " ind2=" ">
      <marc:subfield code="a">Sommaire: La nature intertemporelle de l'information véhiculée par le système de prix.--L'IPC est-il une mesure adéquate pour la définition de la stabilité des prix?--Le lien entre l'inflation et la croissance.--Les non-linéarités dans la relation entre la production et l'inflation.--La détection de la rigidité à la baisse des salaires nominaux.--Note documentaire: La conduite de la politique monétaire dans quatre pays ayant adopté des cibles en matière d'inflation.--L'application de cibles en matière d'inflation: l'expérience de la Nouvelle-Zélande.--L'application de cibles en matière d'inflation: l'expérience du Royaume-Uni.--L'application de cibles en matière d'inflation: l'expérience de la Suède.--Les coûts et les avantages de la stabilité des prix.--La crédibilité de la politique monétaire : analyse des résultats d'enquêtes menées sur l'inflation attendue dans divers pays.--Des règles de politique monétaire permettant d'assurer la stabilité des prix.--Séance de clôture.--Participants.</marc:subfield>
    </marc:datafield>
    <marc:datafield tag="563" ind1=" " ind2=" ">
      <marc:subfield code="a">Couverture souple</marc:subfield>
    </marc:datafield>
    <marc:datafield tag="590" ind1=" " ind2=" ">
      <marc:subfield code="a">99-09</marc:subfield>
      <marc:subfield code="b">1999-03-05</marc:subfield>
    </marc:datafield>
    <marc:datafield tag="691" ind1="0" ind2="7">
      <marc:subfield code="a">Inflation</marc:subfield>
      <marc:subfield code="2">gcpds</marc:subfield>
    </marc:datafield>
    <marc:datafield tag="691" ind1="0" ind2="7">
      <marc:subfield code="a">Politique monétaire</marc:subfield>
      <marc:subfield code="2">gcpds</marc:subfield>
    </marc:datafield>
    <marc:datafield tag="775" ind1="0" ind2="8">
      <marc:subfield code="t">Price stability, inflation targets, and monetary policy : </marc:subfield>
      <marc:subfield code="w">(CaOODSP)9.646816</marc:subfield>
    </marc:datafield>
    <marc:datafield tag="776" ind1="0" ind2="#">
      <marc:subfield code="t">[Stabilité des prix, cibles en matière d'inflation et politique monétaire] : </marc:subfield>
      <marc:subfield code="w">(CaOODSP)9.639448</marc:subfield>
    </marc:datafield>
  </marc:record>
</marc:collection>
